Manažment hodnoty hotelových zariadení

Trhové a konkurenčné faktory hodnotenia hotelových zariadení. Konkurenčná analýza - metódou preniknutia na trh a metódou konkurenčného indexu. Praktické príklady. Plánovanie trhového podielu a obsadenosti. Plánovanie priemernej ceny obsadenej izby. Plánovanie nákladov. Tri prístupy k ohodnoteniu ho...

Ausführliche Beschreibung

Gespeichert in:
Bibliographische Detailangaben
1. Verfasser: Jakubec, Miroslav
Weitere Verfasser: Kardoš, Peter
Format: Buchkapitel
Sprache:Slowakisch
Schlagworte:
Tags: Tag hinzufügen
Keine Tags, Fügen Sie das erste Tag hinzu!

MARC

LEADER 00000naa$a2200000$$$4500
001 0103473
005 20240502072127.0
041 0 |a slo 
044 |a SK 
245 1 0 |a Manažment hodnoty hotelových zariadení  |c Miroslav Jakubec, Peter Kardoš 
520 |a Trhové a konkurenčné faktory hodnotenia hotelových zariadení. Konkurenčná analýza - metódou preniknutia na trh a metódou konkurenčného indexu. Praktické príklady. Plánovanie trhového podielu a obsadenosti. Plánovanie priemernej ceny obsadenej izby. Plánovanie nákladov. Tri prístupy k ohodnoteniu hotelov v súčasnosti - metóda kapitalizácie odčerpateľných zdrojov, metóda porovnávania tržieb a nákladová metóda. 
610 2 0 |a hotely 
610 2 0 |a hodnota 
610 2 0 |a lokalizácia 
610 2 0 |a trh 
610 2 0 |a konkurencia 
610 2 0 |a dopyt 
610 2 0 |a klienti 
610 2 0 |a ceny priemerné 
610 2 0 |a náklady 
610 2 0 |a plánovanie 
610 2 0 |a kapitalizácia 
610 2 0 |a príjmy 
100 1 |a Jakubec, Miroslav 
700 1 |a Kardoš, Peter